100 nomes compostos começando por Maria - Statistics

Estatísticas Gerais
  • Esse quiz foi jogado 294 vezes
    200 desde o último reset
  • A pontuação média é 29 de 100
Estatísticas das Respostas
Resposta % Correto
Maria Clara
87%
Maria Júlia
79%
Maria Eduarda
70%
Maria Fernanda
70%
Maria Luíza
70%
Maria Paula
67%
Maria Beatriz
63%
Maria Gabriela
63%
Maria Alice
62%
Maria Laura
57%
Maria Helena
54%
Maria Rita
54%
Maria Cecília
51%
Maria Isabel
51%
Maria Joana
51%
Maria Rosa
51%
Maria Vitória
51%
Maria Teresa
49%
Maria Carolina
48%
Maria José
48%
Maria Elisa
46%
Maria Aparecida
44%
Maria de Fátima
44%
Maria Flor
44%
Maria Lúcia
44%
Maria Sofia
44%
Maria Antônia
43%
Maria Cláudia
43%
Maria Cristina
43%
Maria Francisca
41%
Maria Madalena
41%
Maria Catarina
40%
Maria Manuela
38%
Maria Flávia
35%
Maria Olívia
35%
Maria Célia
33%
Maria das Dores
33%
Maria Lívia
33%
Maria Valentina
32%
Maria da Conceição
30%
Maria das Graças
30%
Maria Heloísa
30%
Maria Lídia
30%
Maria de Lourdes
29%
Maria do Carmo
29%
Maria Inês
29%
Maria Regina
29%
Maria Estela
27%
Maria Benedita
25%
Maria do Socorro
25%
Maria Emília
25%
Maria João
25%
Maria Lígia
25%
Maria Ísis
24%
Maria Angélica
22%
Maria Elisabeth
22%
Maria Carmen
21%
Maria Filomena
19%
Maria Augusta
17%
Maria Eugênia
17%
Maria Guilhermina
17%
Maria Joaquina
17%
Maria Odete
17%
Maria Solange
17%
Maria Celeste
16%
Maria Celina
16%
Maria Adelaide
14%
Maria Angelina
14%
Maria Dalva
14%
Maria Gilda
14%
Maria Berenice
13%
Maria da Penha
13%
Maria Severina
13%
Maria Verônica
13%
Maria Ivone
11%
Maria Josefina
11%
Maria Mercedes
11%
Maria Salete
11%
Maria Valquíria
11%
Maria Clarice
10%
Maria Eunice
10%
Maria Hilda
10%
Maria Ofélia
10%
Maria Raimunda
10%
Maria Zenaide
10%
Maria Cândida
8%
Maria das Neves
8%
Maria Dolores
8%
Maria Janete
8%
Maria Violeta
8%
Maria Dilma
6%
Maria Eleonora
6%
Maria Gildete
6%
Maria Vicentina
6%
Maria Zulmira
6%
Maria Valdete
5%
Maria Anastácia
3%
Maria Carmelita
3%
Maria Pilar
3%
Maria Yolanda
2%
Nenhum quiz correspondente encontrado
Distribuição das Pontuações
Porcentagem de Pessoas com Cada Pontuação
Percentil de Números Respondidos
Sua Pontuação Histórica
Você não jogou esse quiz desde o último reset